header

Sisters and brothers of the common life : (Record no. 134461)

MARC details
000 -LEADER
fixed length control field 04230nam a22004331i 4500
001 - CONTROL NUMBER
control field ebr10780868
003 - CONTROL NUMBER IDENTIFIER
control field CaPaEBR
006 - FIXED-LENGTH DATA ELEMENTS--ADDITIONAL MATERIAL CHARACTERISTICS--GENERAL INFORMATION
fixed length control field m o d
007 - PHYSICAL DESCRIPTION FIXED FIELD--GENERAL INFORMATION
fixed length control field cr cn|||||||||
008 - FIXED-LENGTH DATA ELEMENTS--GENERAL INFORMATION
fixed length control field 080416t20082008pauab ob 001 0 eng d
020 ## - INTERNATIONAL STANDARD BOOK NUMBER
Cancelled/invalid ISBN 9780812223071
International Standard Book Number 9780812290059 (e-book)
040 ## - CATALOGING SOURCE
Original cataloging agency CaPaEBR
Language of cataloging eng
Description conventions rda
-- pn
Transcribing agency CaPaEBR
035 ## - SYSTEM CONTROL NUMBER
System control number (OCoLC)868967280
050 14 - LIBRARY OF CONGRESS CALL NUMBER
Classification number BV4405
Item number .V36 2008eb
082 04 - DEWEY DECIMAL CLASSIFICATION NUMBER
Classification number 274/.05
Edition number 22
100 1# - MAIN ENTRY--PERSONAL NAME
Personal name Van Engen, John H.
245 10 - TITLE STATEMENT
Title Sisters and brothers of the common life :
Remainder of title the Devotio Moderna and the world of the later Middle Ages /
Statement of responsibility, etc John Van Engen.
264 #1 - PRODUCTION, PUBLICATION, DISTRIBUTION, MANUFACTURE, AND COPYRIGHT NOTICE
Place of production, publication, distribution, manufacture Philadelphia :
Name of producer, publisher, distributor, manufacturer University of Pennsylvania Press,
Date of production, publication, distribution, manufacture, or copyright notice [2008]
Date of production, publication, distribution, manufacture, or copyright notice �2008
300 ## - PHYSICAL DESCRIPTION
Extent 1 online resource (446 pages) :
Other physical details illustrations, maps.
336 ## - CONTENT TYPE
Content type term text
Source rdacontent
337 ## - MEDIA TYPE
Media type term computer
Source rdamedia
338 ## - CARRIER TYPE
Carrier type term online resource
Source rdacarrier
490 1# - SERIES STATEMENT
Series statement The Middle Ages series
504 ## - BIBLIOGRAPHY, ETC. NOTE
Bibliography, etc Includes bibliographies (pages [389]-416) and index.
505 0# - FORMATTED CONTENTS NOTE
Formatted contents note Introduction: The Devotio Moderna and modern history -- Converts in the Middle ages -- Conversion as a medieval form of life -- Converts in the Low Countries -- Circles of converts at Strassburg and Brussels -- Converts under suspicion : legislating against Beguines and free spirits -- Modern-day converts in the Low Countries -- The Low Countries -- Households of devout women -- Societies of devout men -- Modern-day conversion -- Suspicion and inquisition -- Suspicion of devout practices -- Charge and counter-charge in the mid-1390s -- Sisters under inquisition, 1396-1397 : Friar Eylard Schoneveld intervenes -- Resisting the inquisitor : legal tactics -- Awaiting the Bishop's decision, 1398-1401 -- From converts to communities : tertiaries, sisters, brothers, schoolboys, canons -- Tertiaries "living the common life" -- Sisters of the common life -- Brothers of the common life -- Schoolboys -- Windesheim canons and canonesses -- An option for enclosure : male canons and female tertiaries -- Inventing a communal household : goods, customs, labor, and "republican" harmony -- Living together without personal property -- House customs and personal exercises -- Obedience and humility in a voluntary community -- Labor : living from the work of their own hands -- Communal gatherings and a "republican" impulse -- Defending the modern-day Devout : expansion under scrutiny -- Women's houses and converting schoolboys : Burgher critics at Zwolle -- Friar Matthew Grabow and the Council of Constance -- The sisters and the aldermen in conflict at Deventer : the women's narrative -- Institutionalizing under scrutiny -- Proposing a theological rationale : the freedom of the "Christian religion" -- Place in society : taking on the "estate of the perfect" -- John Pupper of Goch (d. 1475) -- Gospel law and the freedom of the Christian religion -- Taking the spiritual offensive : caring for the self, examining the soul, progressing in virtue -- Reading, writing, and the lay tongue -- Exhortation in public and correction in private -- Spiritual guidance and mutual reproof -- Modern-day devotion : examining the self, making progress, experiencing peace -- Private gatherings and self-made societies in the fifteenth century -- The question of an afterlife.
588 ## - SOURCE OF DESCRIPTION NOTE
Source of description note Description based on print version record.
590 ## - LOCAL NOTE (RLIN)
Local note Electronic reproduction. Palo Alto, Calif. : ebrary, 2013. Available via World Wide Web. Access may be limited to ebrary affiliated libraries.
650 #0 - SUBJECT ADDED ENTRY--TOPICAL TERM
Topical term or geographic name as entry element Christian communities
General subdivision History.
Topical term or geographic name as entry element Societies living in common without vows
General subdivision History.
Topical term or geographic name as entry element Communalism
General subdivision Religious aspects
-- Christianity
-- History.
Topical term or geographic name as entry element Spiritual life
General subdivision Christianity
-- History.
655 #0 - INDEX TERM--GENRE/FORM
Genre/form data or focus term Electronic books.
776 08 - ADDITIONAL PHYSICAL FORM ENTRY
Display text Print version:
Main entry heading Van Engen, John H.
Title Sisters and brothers of the common life.
Place, publisher, and date of publication Philadelphia : University of Pennsylvania Press, [2008]
Physical description ix, 433 pages : illustrations, maps ; 25 cm.
Series data for related item Middle Ages series
International Standard Book Number 9780812223071
Record control number (DLC) 2008017462
-- (OCoLC)226389300
797 2# - LOCAL ADDED ENTRY--CORPORATE NAME (RLIN)
Corporate name or jurisdiction name as entry element ebrary.
830 #0 - SERIES ADDED ENTRY--UNIFORM TITLE
Uniform title Middle Ages series.
856 40 - ELECTRONIC LOCATION AND ACCESS
Uniform Resource Identifier <a href="http://site.ebrary.com/lib/rucke/Doc?id=10780868">http://site.ebrary.com/lib/rucke/Doc?id=10780868</a>
Public note An electronic book accessible through the World Wide Web; click to view

No items available.

© 2026 Rongo University
Contact us: librarian | system librarian | Rongo university